[Event "Ste Foy Euwe"]
[Site "Ste Foy"]
[Date "2018.01.13"]
[Round "1"]
[White "Chouinard, Etienne"]
[Black "Foucreault, Laurent"]
[Result "1/2-1/2"]
[WhiteElo "1906"]
[BlackElo "1499"]
[PlyCount "63"]
[EventDate "2018.01.13"]
[EventType "swiss"]
[EventRounds "5"]
[EventCountry "CAN"]
[SourceTitle "EXT 2022"]
[Source "ChessBase"]
[SourceDate "2021.10.06"]
[SourceVersion "1"]
[SourceVersionDate "2021.10.06"]
[SourceQuality "1"]

1. e4 e5 2. Nf3 Nc6 3. Nc3 Nf6 4. Nxe5 Nxe5 5. d4 Nc6 6. d5 Ne5 7. f4 Ng6 8. e5 Qe7 9. Be2 Ng8 10. d6 Qd8 11. Nb5 cxd6 12. exd6 Qa5+ 13. c3 Kd8 14. b4 Qb6 15. f5 Ne5 16. Qd5 f6 17. Bf4 Nh6 18. Bxe5 fxe5 19. Rf1 a6 20. Nc7 Rb8 21. Rd1 Bxd6 22. f6 Kxc7 23. fxg7 Rg8 24. Rf6 Nf5 25. Rxf5 Rxg7 26. Rf6 Rg6 27. Rxg6 hxg6 28. Bf3 Qg1+ 29. Ke2 Qb6 30. Qc4+ Kd8 31. Qg8+ Kc7 32. Qc4+ 1/2-1/2